00317nam a2200133Ia 4500008004100000020001500041041001200056082001600068100002100084245003100105260002500136300000800161650001400169221030s9999 xx 000 0 und d a8120312538 aEnglish a105.23bYeg aB. Yegnanarayana 0aArtificial Neural Networks bPHIaNew Delhic2005 a461 aComputers